000 00822nam a2200205 u 4500
001 000237198
003 AM-YeHGA
005 20250618071610.0
008 030619s1994 ai r 000 0 arm d
040 _aAM-YeHGA
041 0 _aarm
100 1 _aԴալլաքյան, Կարլեն Լևոնի,
_d1929-2008
_91293
245 1 0 _aԱկնարկներ սփյուռքահայ հասարակական միտքի պատմության (1920-ական թվականներ) /
_cԿ.Լ.Դալլաքյան ; Պատ. խմբ.՝ Էդ. Մելքոնյան.
260 _aԵրևան :
_bԳիտություն,
_c1994.
300 _a462 էջ
650 1 4 _aՍփյուռքահայություն
_xՊատմություն
700 1 _aՄելքոնյան, Էդուարդ Լևոնի,
_d1946-
_eխմբ.
_4edt
_93969
942 _2udc
_cBK
090 _c85187
999 _c83912
_d83912